00305nam a2200121 a 4500008004100000050001400041100002600055245003400081250001500115260003400130300001000164350000900174120416s1973 ||||||||||||||||| || u aHB 75 Rol aRoll, Sir Eric, 1907-12aA history of economic thought a4th ed. re aLondonbFaber and Faberc1973 a620p. a0.00